Code of practice (Record no. 99960)

MARC details
000 -LEADER
fixed length control field 00571cam a22001935a 4500
001 - CONTROL NUMBER
control field ##J100974
008 - FIXED-LENGTH DATA ELEMENTS--GENERAL INFORMATION
fixed length control field 000000s1932 000 0 eng u
035 ## - SYSTEM CONTROL NUMBER
System control number (Sirsi) u100974
041 0# - LANGUAGE CODE
Language code of text/sound track or separate title eng
050 04 - LIBRARY OF CONGRESS CALL NUMBER
Classification number 333.0062 $2 18
110 2# - MAIN ENTRY--CORPORATE NAME
Corporate name or jurisdiction name as entry element Auctioneers' and Estate Agents' Institute of the United Kingdom
9 (RLIN) 3789
245 00 - TITLE STATEMENT
Title Code of practice
Remainder of title 1932
250 ## - EDITION STATEMENT
Edition statement 2nd ed.
260 ## - PUBLICATION, DISTRIBUTION, ETC.
Place of publication, distribution, etc. London
Name of publisher, distributor, etc. Auctioneers' and Estate Agents' Institute of the United Kingdom
Date of publication, distribution, etc. 1932
300 ## - PHYSICAL DESCRIPTION
Extent 16p.
Dimensions 22cm.
651 #4 - SUBJECT ADDED ENTRY--GEOGRAPHIC NAME
Geographic name United Kingdom
Chronological subdivision
690 ## - LOCAL SUBJECT ADDED ENTRY--TOPICAL TERM (OCLC, RLIN)
Topical term or geographic name as entry element Auctioneering
9 (RLIN) 6218
942 ## - ADDED ENTRY ELEMENTS (KOHA)
Suppress in OPAC 0
Holdings
Withdrawn status Lost status Source of classification or shelving scheme Damaged status Not for loan Home library Current library Shelving location Date acquired Total Checkouts Full call number Barcode Date last seen Copy number Price effective from Koha item type
    Dewey Decimal Classification     Historic collection Historic collection RICS Boxes 23/03/2006   RICS 1932 100974-3001 06/08/2019 1 06/08/2019 Archive
    Dewey Decimal Classification     Historic collection Historic collection RICS Boxes 23/03/2006   RICS 1932 100974-3002 06/08/2019 2 06/08/2019 Archive
    Dewey Decimal Classification     Historic collection Historic collection RICS Boxes 08/06/2006   RICS 1932 100974-3003 06/08/2019 3 06/08/2019 Archive
    Dewey Decimal Classification     Historic collection Historic collection RICS Boxes 08/06/2006   RICS 1932 100974-3004 06/08/2019 4 06/08/2019 Archive
    Dewey Decimal Classification     Historic collection Historic collection RICS Boxes 08/06/2006   RICS 1932 100974-3005 06/08/2019 5 06/08/2019 Archive